Studia Psychologica An International Journal for Research and Theory in Psychology

Uložené v:
Podrobná bibliografia
Médium: Seriál
Jazyk:English
Vydavateľské údaje: Bratislava Institute of Experimental Psychology 2024
Tagy: Pridať tag
Žiadne tagy, Buďte prvý, kto otaguje tento záznam!

MARC

LEADER 00000nas2a2200000 4500
001 0304708
005 20241022093618.4
022 |a 0039-3320 
041 0 |a eng 
044 |a SK 
245 1 0 |a Studia Psychologica  |b An International Journal for Research and Theory in Psychology 
264 1 |a Bratislava  |b Institute of Experimental Psychology  |c 2024 
773 0 |w eu_un_cat*0257975